000 00818nam a2200229 a 4500
001 000018505
005 20200929165821.0
008 100511s2010 dr a r 000 0 spa d
020 _a9789945872309
040 _aDO-SdBNP
_bspa
_cBNPHU
082 _a289.94
_bM671d
100 1 _aMirabal Rosario,Yoselman Rodwin,
_d1969-
_940026
245 1 0 _aDios tiene un plan /
_cYoselman Mirabal.
260 _aSanto Domingo :
_bMirabal Producciones ;
_bMinisterio de Publicaciones Cristianas,
_c2010.
300 _a127 p. :
_bil. ;
_c21 cm.
500 _aIncluye datos biográficos del autor en la solapa de la cubierta.
504 _aBibliografía : p. 127.
590 _aInventariado, 2018 /VM
650 4 _aEvangelización
_9476
650 7 _aSuperación personal
_2Sears
_910825
910 _aValidado. Control de calidad. EMS
999 _c18025
_d18025